R v Crown Court at Liverpool and another, ex parte Cooke (Record no. 14820)

MARC details
000 -LEADER
fixed length control field 01436cab a2200265 4500
001 - CONTROL NUMBER
control field ABS56236
008 - FIXED-LENGTH DATA ELEMENTS--GENERAL INFORMATION
fixed length control field 090401t1996 xxu||||| |||| 00| 0 eng d
035 ## - SYSTEM CONTROL NUMBER
System control number (Sirsi) u22131
041 ## - LANGUAGE CODE
Language code of text/sound track or separate title eng
245 ## - TITLE STATEMENT
Title R v Crown Court at Liverpool and another, ex parte Cooke
260 ## - PUBLICATION, DISTRIBUTION, ETC.
Date of publication, distribution, etc. 1996
350 ## - PRICE (NR) (BK AM CF MU VM SE) [OBSOLETE]
Price 0
490 ## - SERIES STATEMENT
Series statement All England Law Reports
Volume/sequential designation [1996] 4 All ER 589-599(6)
520 ## - SUMMARY, ETC.
Summary, etc. QBD 3 April 1996. Council tenant C contacted local authority L alleging their responsibility for the state of her accommodation, subject to rodent infestation, damp, and egress of foul water/sewage, amounting to statutory nuisance. L pleaded guilty when C brought proceedings after the nuisance had not been remedied. Damages initially put at £3,000 were dropped to £250 after appeal, the court concluding that compensation was payable only between the issue of the complaint and date of sentence. C appealed for judicial review, claiming the whole period of nuisance should be considered. Dismissed under provisions of the Environmental Protection Act 1990 s82.
650 ## - SUBJECT ADDED ENTRY--TOPICAL TERM
Topical term or geographic name entry element COMPENSATION
650 ## - SUBJECT ADDED ENTRY--TOPICAL TERM
Topical term or geographic name entry element DAMP
650 ## - SUBJECT ADDED ENTRY--TOPICAL TERM
Topical term or geographic name entry element ENVIRONMENTAL PROTECTION ACT 1990 S82
650 ## - SUBJECT ADDED ENTRY--TOPICAL TERM
Topical term or geographic name entry element INFESTATION
650 ## - SUBJECT ADDED ENTRY--TOPICAL TERM
Topical term or geographic name entry element POWERS OF CRIMINAL COURTS ACT 1973
650 ## - SUBJECT ADDED ENTRY--TOPICAL TERM
Topical term or geographic name entry element R V LIVERPOOL CROWN COURT AND ANOTHER EX P COOKE
650 ## - SUBJECT ADDED ENTRY--TOPICAL TERM
Topical term or geographic name entry element STATUTORY NUISANCE
690 ## - LOCAL SUBJECT ADDED ENTRY--TOPICAL TERM (OCLC, RLIN)
Topical term or geographic name as entry element LANDLORD AND TENANT-CASE LAW-RESIDENTIAL TENANCIES
942 ## - ADDED ENTRY ELEMENTS (KOHA)
Suppress in OPAC 0
948 ## - LOCAL PROCESSING INFORMATION (OCLC); SERIES PART DESIGNATOR (RLIN)
c (OCLC) 04/03/1997
Holdings
Withdrawn status Lost status Source of classification or shelving scheme Damaged status Not for loan Home library Current library Shelving location Date acquired Total Checkouts Full call number Barcode Date last seen Copy number Price effective from Koha item type
    Dewey Decimal Classification     London London Journal article 14/09/1999   ABS56236 22131-1001 06/08/2019 1 06/08/2019 Law report